[Event "Asian-ch Seniors zt 50 3.1"]
[Site "Chess.com INT"]
[Date "2020.07.13"]
[Round "2.12"]
[White "Al Zoubi, Issa"]
[Black "Abdalhamed, Shahir Jasim"]
[Result "0-1"]
[WhiteElo "1915"]
[BlackElo "1741"]
[PlyCount "116"]
[EventDate "2020.07.13"]
[EventType "swiss"]
[EventRounds "7"]
[EventCountry "JOR"]
[SourceTitle "EXT 2024"]
[Source "ChessBase"]
[SourceDate "2023.10.10"]
[SourceVersion "1"]
[SourceVersionDate "2023.10.10"]
[SourceQuality "1"]

1. e4 e5 2. Nf3 d6 3. h3 c6 4. c3 b5 5. d4 Nd7 6. dxe5 dxe5 7. Bd3 h6 8. 0-0 Ngf6 9. Bc2 Bc5 10. Qe2 0-0 11. Rd1 Qc7 12. Be3 a6 13. Nbd2 Bxe3 14. Qxe3 Nb6 15. b3 c5 16. Nf1 Bb7 17. Ng3 Rad8 18. Rxd8 Rxd8 19. Rd1 Rxd1+ 20. Bxd1 Bc8 21. Bc2 Qd6 22. Kf1 c4 23. b4 Be6 24. Ke2 Nbd7 25. a3 Kh7 26. Nf5 Bxf5 27. exf5 Kg8 28. Be4 Nxe4 29. Qxe4 f6 30. Nd2 Nb6 31. g3 Nd5 32. Nb1 Qc6 33. f3 Kf7 34. Kd2 Qd7 35. Kc2 Ne7 36. Nd2 Qxf5 37. g4 Qxe4+ 38. Nxe4 Nc6 39. Nc5 a5 40. Nb7 axb4 41. axb4 Na7 42. Kd2 Ke7 43. Ke3 g6 44. Ke4 Ke6 45. Nd8+ Ke7 46. Nb7 Ke6 47. Nd8+ Kd7 48. Nf7 h5 49. gxh5 gxh5 50. Kf5 Ke7 51. Nh6 Nc8 52. Ng8+ Kd6 53. Nxf6 Ne7+ 54. Ke4 h4 55. Ne8+ Kd7 56. Nf6+ Ke6 57. Ne8 Nd5 58. Nc7+ Nxc7 0-1